000 01300nam a2200325 a 4500
001 39827
003 FlNmELB
005 20241216221828.0
006 m o d |
007 cr cn|||||||||
008 201003r2004 mx |||||s|||||||||||spa d
020 _z9789701869311
035 _a(OCoLC)929290486
040 _aFlNmELB
_bspa
_cFlNmELB
050 4 _aQA150
_bA168 2004
080 _a51
082 0 4 _a512
_222
110 2 _aAcademia Institucional de Matemáticas del Nivel Medio Superior del Instituto Politécnico Nacional.
245 1 0 _aLibro para el estudiante
_h[recurso electronico] :
_bmatemáticas 1 (Álgebra): nivel medio superior del Instituto Politécnico Nacional /
_cAcademia Institucional de Matemáticas del Nivel Medio Superior del Instituto Politécnico Nacional.
260 _aMéxico :
_bInstituto Politécnico Nacional,
_c[2004]
300 _a162 p.
533 _aRecurso electrónico. Santa Fe, Arg.: e-libro, 2015. Disponible vía World Wide Web. El acceso puede estar limitado para las bibliotecas afiliadas a e-libro.
650 4 _aMatemáticas.
650 4 _aÁlgebra.
650 4 _aAlgebra.
653 _aMatematicas
655 4 _aLibros electrónicos.
710 2 _ae-libro, Corp.
856 4 0 _uhttps://elibro.net/ereader/politecnicointernacional/101789
999 _c39827
_d39827